[Event "SVK-chT2 0304"]
[Site "Slovakia"]
[Date "2004.??.??"]
[Round "5"]
[White "Marman, Vladimir"]
[Black "Vyparina, Matej"]
[Result "0-1"]
[WhiteElo "2205"]
[BlackElo "2191"]
[PlyCount "79"]
[EventDate "2003.10.??"]
[EventType "team"]
[EventRounds "11"]
[EventCountry "SVK"]
[SourceTitle "EXT 2006"]
[Source "ChessBase"]
[SourceDate "2005.11.24"]
[SourceVersion "1"]
[SourceVersionDate "2005.11.24"]
[SourceQuality "1"]

1. e4 e5 2. Bc4 Nf6 3. d4 Nxe4 4. dxe5 c6 5. Qe2 Nc5 6. a4 Be7 7. Nf3 0-0 8. Bf4 d5 9. exd6 Bxd6 10. Bxd6 Qxd6 11. 0-0 Be6 12. b4 Bxc4 13. Qxc4 Nxa4 14. Qb3 Nb6 15. c4 Na6 16. c5 Qd5 17. Qc3 Nd7 18. Na3 Nf6 19. Rad1 Qh5 20. Nc4 Nd5 21. Rxd5 Qxd5 22. Nd6 Rad8 23. Nd4 Rxd6 24. cxd6 Rd8 25. Re1 g6 26. b5 cxb5 27. Qa5 Rxd6 28. Nxb5 Re6 29. Rc1 Re5 30. Rc8+ Kg7 31. h3 Qxb5 32. Qd8 Re1+ 33. Kh2 Qe5+ 34. g3 Qe7 35. Qd4+ f6 36. Rd8 Nc5 37. Rd5 Qe4 38. Rd7+ Nxd7 39. Qxd7+ Qe7 40. Qd2 0-1

[Event "SVK-chT2 0304"]
[Site "Slovakia"]
[Date "2004.??.??"]
[Round "7"]
[White "Singliar, Anton"]
[Black "Marman, Vladimir"]
[Result "1-0"]
[WhiteElo "2179"]
[BlackElo "2205"]
[PlyCount "83"]
[EventDate "2003.10.??"]
[EventType "team"]
[EventRounds "11"]
[EventCountry "SVK"]
[SourceTitle "EXT 2006"]
[Source "ChessBase"]
[SourceDate "2005.11.24"]
[SourceVersion "1"]
[SourceVersionDate "2005.11.24"]
[SourceQuality "1"]

1. d4 d5 2. Nf3 Nf6 3. c4 e6 4. Nc3 c6 5. Bg5 Nbd7 6. e3 Qa5 7. cxd5 Nxd5 8. Qd2 Bb4 9. Rc1 0-0 10. Bd3 e5 11. 0-0 f6 12. Bh4 exd4 13. exd4 N7b6 14. Qc2 f5 15. Bg3 g6 16. Be5 Be7 17. Rfe1 Rf7 18. Nxd5 Nxd5 19. Bc4 Bd7 20. a3 Rd8 21. h4 Re8 22. Ng5 Bxg5 23. hxg5 f4 24. f3 Be6 25. Bxd5 Bxd5 26. Qf2 Qb5 27. Qd2 Rfe7 28. Qxf4 Re6 29. Qd2 Qb6 30. f4 Qd8 31. Re3 Qd7 32. Qf2 Qf7 33. Qh4 R6e7 34. Rce1 Qf5 35. Qf2 Qf7 36. g4 Be6 37. Bf6 Rc7 38. f5 Bd7 39. Re7 Rxe7 40. Rxe7 Qc4 41. fxg6 hxg6 42. Rg7+ 1-0

[Event "SVK-chT1E 0203"]
[Site "Slovakia"]
[Date "2002.??.??"]
[Round "?"]
[White "Gerbery, Richard"]
[Black "Marman, Vladimir"]
[Result "0-1"]
[WhiteElo "2215"]
[BlackElo "2195"]
[PlyCount "33"]
[EventDate "2002.10.??"]
[EventType "team"]
[EventRounds "11"]
[EventCountry "SVK"]
[SourceTitle "EXT 2005"]
[Source "ChessBase"]
[SourceDate "2004.11.15"]
[SourceVersion "1"]
[SourceVersionDate "2004.11.15"]
[SourceQuality "1"]

1. e4 e5 2. Nf3 Nc6 3. d4 exd4 4. Bc4 Nf6 5. 0-0 Nxe4 6. Re1 d5 7. Bxd5 Qxd5 8. Nc3 Qa5 9. Nxe4 Be6 10. Neg5 0-0-0 11. Nxe6 fxe6 12. Rxe6 Bd6 13. Bg5 Rde8 14. Qe2 Ne5 15. Bd2 Nxf3+ 16. gxf3 Qh5 17. Qe4 0-1

[Event "SVK-chT1E 0203"]
[Site "Slovakia"]
[Date "2002.??.??"]
[Round "?"]
[White "Hagara, Eduard"]
[Black "Marman, Vladimir"]
[Result "1-0"]
[WhiteElo "2358"]
[BlackElo "2194"]
[PlyCount "79"]
[EventDate "2002.10.??"]
[EventType "team"]
[EventRounds "11"]
[EventCountry "SVK"]
[SourceTitle "EXT 2005"]
[Source "ChessBase"]
[SourceDate "2004.11.15"]
[SourceVersion "1"]
[SourceVersionDate "2004.11.15"]
[SourceQuality "1"]

1. e4 e5 2. Nf3 Nc6 3. Bb5 a6 4. Bxc6 dxc6 5. 0-0 Qd6 6. d3 Bg4 7. Nbd2 f6 8. Nc4 Qd7 9. Ne3 h5 10. h3 Be6 11. d4 exd4 12. Nxd4 0-0-0 13. c3 g6 14. Qf3 Bd6 15. Re1 Rf8 16. b3 Ne7 17. Nxe6 Qxe6 18. Nc4 Bc5 19. Be3 Bd6 20. Rad1 Be5 21. Bc5 b6 22. Bxe7 Qxe7 23. Re3 Rd8 24. Red3 Rxd3 25. Qxd3 Kb7 26. b4 Rf8 27. a4 Qe6 28. Rb1 Rf7 29. b5 cxb5 30. axb5 a5 31. Rd1 Re7 32. Ne3 Bd6 33. Nd5 Re8 34. Re1 f5 35. e5 Bc5 36. Nf4 Qg8 37. e6 Bd6 38. Qd5+ Ka7 39. Nd3 Qg7 40. Nb4 1-0

[Event "SVK-chT3A 0102"]
[Site "Slovakia"]
[Date "2002.??.??"]
[Round "11"]
[White "Marman, Vladimir"]
[Black "Galvanek, Ladislav"]
[Result "1/2-1/2"]
[WhiteElo "2188"]
[BlackElo "2059"]
[PlyCount "36"]
[EventDate "2001.10.??"]
[EventType "team"]
[EventRounds "11"]
[EventCountry "SVK"]
[SourceTitle "EXT 2006"]
[Source "ChessBase"]
[SourceDate "2005.11.24"]
[SourceVersion "1"]
[SourceVersionDate "2005.11.24"]
[SourceQuality "1"]

1. e4 e5 2. Bc4 Nf6 3. d4 Nxe4 4. dxe5 Nc5 5. Nf3 Be7 6. Nc3 0-0 7. 0-0 d6 8. Bf4 Be6 9. Bxe6 Nxe6 10. Bg3 dxe5 11. Nxe5 Bd6 12. Re1 Bxe5 13. Bxe5 Nc6 14. Bg3 Qf6 15. Qc1 Qg6 16. Nd5 Ned4 17. Ne3 Rad8 18. c3 Ne6 1/2-1/2